[Event "Calvia Seniors op"]
[Site "Calvia"]
[Date "2006.10.28"]
[Round "9"]
[White "Antigua Padros, Jordi"]
[Black "Feiguelman, Boris"]
[Result "1/2-1/2"]
[WhiteElo "2160"]
[BlackElo "2092"]
[PlyCount "75"]
[EventDate "2006.10.20"]
[EventType "swiss"]
[EventRounds "9"]
[EventCountry "ESP"]
[SourceTitle "EXT 2007"]
[Source "ChessBase"]
[SourceDate "2006.11.23"]
[SourceVersion "1"]
[SourceVersionDate "2006.11.23"]
[SourceQuality "1"]

1. e4 g6 2. d4 c6 3. Nf3 Bg7 4. Be2 d5 5. e5 Bg4 6. Nbd2 e6 7. h3 Bxf3 8. Nxf3 Ne7 9. 0-0 0-0 10. Bg5 h6 11. Bd2 c5 12. c3 Kh7 13. Bd3 Nbc6 14. Be3 c4 15. Bc2 b5 16. Qd2 a5 17. Nh2 Nf5 18. Bf4 Rh8 19. g4 Nfe7 20. Be3 Kg8 21. f4 Qd7 22. Rf2 Rf8 23. Raf1 f5 24. exf6 Rxf6 25. Nf3 h5 26. Kg2 hxg4 27. hxg4 e5 28. f5 gxf5 29. Nxe5 Nxe5 30. dxe5 Rg6 31. Rg1 Rxg4+ 32. Kf1 Rxg1+ 33. Kxg1 Bxe5 34. Bc5 Rh7 35. Bxe7 Rxe7 36. Bxf5 Rg7+ 37. Kf1 Qd6 38. Rg2 1/2-1/2

[Event "Calvia Seniors op"]
[Site "Calvia"]
[Date "2006.10.27"]
[Round "8"]
[White "Batalla Batalla, Josep"]
[Black "Antigua Padros, Jordi"]
[Result "1/2-1/2"]
[WhiteElo "2127"]
[BlackElo "2160"]
[PlyCount "25"]
[EventDate "2006.10.20"]
[EventType "swiss"]
[EventRounds "9"]
[EventCountry "ESP"]
[SourceTitle "EXT 2007"]
[Source "ChessBase"]
[SourceDate "2006.11.23"]
[SourceVersion "1"]
[SourceVersionDate "2006.11.23"]
[SourceQuality "1"]

1. e4 e6 2. Nf3 d5 3. e5 c5 4. b4 b6 5. Bb2 Ne7 6. c3 Nf5 7. bxc5 Bxc5 8. d4 Be7 9. Ba3 0-0 10. Bxe7 Qxe7 11. Bd3 Ba6 12. Qe2 Bxd3 13. Qxd3 1/2-1/2

[Event "Calvia Seniors op"]
[Site "Calvia"]
[Date "2006.10.23"]
[Round "4"]
[White "Penalver Guardia, Josep"]
[Black "Antigua Padros, Jordi"]
[Result "1/2-1/2"]
[WhiteElo "1918"]
[BlackElo "2160"]
[PlyCount "63"]
[EventDate "2006.10.20"]
[EventType "swiss"]
[EventRounds "9"]
[EventCountry "ESP"]
[SourceTitle "EXT 2007"]
[Source "ChessBase"]
[SourceDate "2006.11.23"]
[SourceVersion "1"]
[SourceVersionDate "2006.11.23"]
[SourceQuality "1"]

1. d4 e6 2. Nf3 d5 3. c4 c6 4. Nc3 f5 5. b3 Bd6 6. Qc2 Nf6 7. Bg5 Nbd7 8. e3 0-0 9. Bd3 h6 10. Bxf6 Nxf6 11. 0-0 Ne4 12. Ne5 Bd7 13. f3 Nxc3 14. Qxc3 Be8 15. Rae1 Qe7 16. c5 Bc7 17. b4 a5 18. a3 axb4 19. axb4 f4 20. exf4 Rxf4 21. Bc2 Ra2 22. Qd2 Rf6 23. Bh7+ Kxh7 24. Qxa2 Bg6 25. Nxg6 Kxg6 26. Qc2+ Kf7 27. Ra1 Bf4 28. Rfe1 Rg6 29. Ra7 Bxh2+ 30. Kxh2 Qh4+ 31. Kg1 Qxe1+ 32. Kh2 1/2-1/2

[Event "Catalunya-chT DH"]
[Site "Spain"]
[Date "2004.??.??"]
[Round "3"]
[White "Vall de Vilaramo, Jordi"]
[Black "Antigua Padros, Jordi"]
[Result "1/2-1/2"]
[WhiteElo "2175"]
[BlackElo "2200"]
[PlyCount "28"]
[EventDate "2004.??.??"]
[EventType "team"]
[EventRounds "9"]
[EventCountry "ESP"]
[SourceTitle "EXT 2007"]
[Source "ChessBase"]
[SourceDate "2006.11.23"]
[SourceVersion "1"]
[SourceVersionDate "2006.11.23"]
[SourceQuality "1"]

1. d4 e6 2. c4 f5 3. g3 Nf6 4. Bg2 Be7 5. Nc3 d5 6. Nf3 c6 7. 0-0 0-0 8. Bf4 Ne4 9. Qc2 Bd7 10. c5 g5 11. Bxb8 Rxb8 12. Ne5 Bf6 13. f4 Nxc3 14. bxc3 Be8 1/2-1/2

[Event "Catalunya-chT"]
[Site "Spain"]
[Date "1999.??.??"]
[Round "3"]
[White "Collado Forner, Jose"]
[Black "Antigua Padros, Jordi"]
[Result "0-1"]
[WhiteElo "2350"]
[BlackElo "2250"]
[PlyCount "109"]
[EventDate "1999.??.??"]
[EventType "team"]
[EventRounds "9"]
[EventCountry "ESP"]
[SourceTitle "EXT 2000"]
[Source "ChessBase"]
[SourceDate "1999.11.16"]
[SourceVersion "1"]
[SourceVersionDate "1999.11.16"]
[SourceQuality "1"]

1. e4 e6 2. d4 d5 3. Nd2 dxe4 4. Nxe4 Nd7 5. Nf3 Ngf6 6. Bd3 Nxe4 7. Bxe4 c5 8. 0-0 Be7 9. c3 0-0 10. Re1 cxd4 11. Nxd4 Nf6 12. Bf3 a6 13. Bf4 Qb6 14. Qb3 Bc5 15. Rad1 Nd5 16. Bg3 h6 17. Qxb6 Bxb6 18. c4 Nf6 19. Nb3 a5 20. Bd6 Re8 21. c5 a4 22. Nd4 Ba5 23. Re3 Ra6 24. h3 Rd8 25. a3 Nd5 26. Red3 Bd7 27. b4 axb3 28. Nxb3 Re8 29. Rb1 Bc6 30. Nd4 Rea8 31. Rdb3 Bd8 32. Nxc6 bxc6 33. Rb8 Kh7 34. Rxa8 Rxa8 35. Rb3 Kg6 36. g4 Kf6 37. Kf1 g5 38. Be4 Kg7 39. Bc2 Ra4 40. Rb8 Rc4 41. Bb3 Rc1+ 42. Ke2 Ba5 43. Rc8 Nf4+ 44. Bxf4 gxf4 45. Rxc6 f3+ 46. Kxf3 Rc3+ 47. Kg2 Rxb3 48. a4 Rc3 49. Rc8 Kf6 50. c6 Ke5 51. Rf8 Kf6 52. Rc8 Rc2 53. Kf1 Bb6 54. Ke1 Bxf2+ 55. Kf1 0-1

[Event "Catalunya-chT"]
[Site "Spain"]
[Date "1999.??.??"]
[Round "8"]
[White "De la Riva Aguado, Jorge"]
[Black "Antigua Padros, Jordi"]
[Result "1/2-1/2"]
[WhiteElo "2365"]
[BlackElo "2250"]
[PlyCount "139"]
[EventDate "1999.??.??"]
[EventType "team"]
[EventRounds "9"]
[EventCountry "ESP"]
[SourceTitle "EXT 2000"]
[Source "ChessBase"]
[SourceDate "1999.11.16"]
[SourceVersion "1"]
[SourceVersionDate "1999.11.16"]
[SourceQuality "1"]

1. e4 d5 2. exd5 Qxd5 3. Nc3 Qa5 4. d4 Nf6 5. Nf3 Bf5 6. Bc4 e6 7. 0-0 c6 8. Re1 Be7 9. Ne2 0-0 10. Ng3 Bg6 11. Ne5 Nbd7 12. Nxg6 hxg6 13. c3 Rad8 14. Qf3 Qc7 15. Bb3 Bd6 16. Bg5 Rde8 17. Re2 c5 18. Rae1 c4 19. Bc2 e5 20. Ne4 exd4 21. cxd4 Nxe4 22. Bxe4 Qa5 23. h4 Re6 24. a3 Nf6 25. g3 Nxe4 26. Rxe4 Qd5 27. Kg2 Rxe4 28. Rxe4 f6 29. Bd2 f5 30. Re1 Qxf3+ 31. Kxf3 Kf7 32. a4 Rc8 33. Bc3 b6 34. Rh1 a6 35. h5 b5 36. hxg6+ Kxg6 37. axb5 axb5 38. Ra1 Bf8 39. Ra6+ Kh5 40. Rb6 b4 41. Bxb4 Bxb4 42. Rxb4 g5 43. Rb5 c3 44. bxc3 Rxc3+ 45. Kg2 Kg4 46. Rb8 Rd3 47. Rd8 f4 48. gxf4 Kxf4 49. Rf8+ Ke4 50. Rg8 Kf5 51. Rd8 Kf4 52. Rd7 Kf5 53. Rf7+ Kg6 54. Rd7 Kf5 55. Rd5+ Kf4 56. Rd8 Kf5 57. f3 Kf6 58. Kg3 Rd1 59. Kf2 Kf5 60. Ke2 Ra1 61. Rf8+ Ke6 62. Ke3 Re1+ 63. Kd3 Rd1+ 64. Kc3 Rc1+ 65. Kd2 Rf1 66. Ke2 Ra1 67. Rg8 Kf5 68. d5 Ra5 69. d6 Rd5 70. Rd8 1/2-1/2

[Event "Catalunya-chT"]
[Site "Spain"]
[Date "1997.??.??"]
[Round "5"]
[White "Garcia, Francisco Javier"]
[Black "Antigua Padros, Jordi"]
[Result "1/2-1/2"]
[WhiteElo "2120"]
[BlackElo "2305"]
[PlyCount "87"]
[EventDate "1997.??.??"]
[EventType "team"]
[EventRounds "9"]
[EventCountry "ESP"]
[SourceTitle "EXT 2002"]
[Source "ChessBase"]
[SourceDate "2001.11.25"]
[SourceVersion "1"]
[SourceVersionDate "2001.11.25"]
[SourceQuality "1"]

1. e4 e6 2. d4 d5 3. e5 c5 4. c3 Nc6 5. Nf3 Nge7 6. Bd3 cxd4 7. cxd4 Nf5 8. Bxf5 exf5 9. Nc3 Be6 10. Ne2 Be7 11. h4 Qd7 12. Bg5 h6 13. Bxe7 Qxe7 14. Qd2 Qb4 15. Qxb4 Nxb4 16. Kd2 Ke7 17. a3 Nc6 18. b4 a6 19. Rhc1 Rac8 20. Kd3 Nb8 21. Nf4 Nd7 22. a4 Rhd8 23. a5 Nb8 24. Rc5 Rc6 25. Rac1 Rdc8 26. Rb1 Ke8 27. Rb2 Nd7 28. Rxc6 Rxc6 29. Nd2 g5 30. hxg5 hxg5 31. Nh3 f6 32. exf6 f4 33. f7+ Bxf7 34. Nxg5 Bg6+ 35. Ke2 Bh5+ 36. f3 Rg6 37. Nh3 Rxg2+ 38. Kf1 Rh2 39. Nxf4 Bxf3 40. Kg1 Rh1+ 41. Kf2 Be4 42. Ke3 Re1+ 43. Kf2 Ra1 44. Ke3 1/2-1/2